000 00559nam a2200193Ia 4500
999 _c1768
_d1768
003 OSt
005 20200924124331.0
008 190216s9999||||xx |||||||||||||| ||und||
020 _a9780521498456
040 _coclc
082 _a574.015195
_bBAI/S
100 _a Bailey, Norman T J
_94943
245 0 _aStatistical Methods In Biology /
_cNorman T J Bailey
250 _a3rd Ed.
260 _bCambridge Uty Press,
_aNew York:
_c2007.
300 _a255p
650 _aBotany
942 _cBK
_2ddc
_h574.015195
_iBAI/S
_k574.015195
_mBAI/S